01246nam a2200289 i 4500001000300000245024700003300002800250490005600278501004800334650002600382650003300408650003300441700004400474700002900518700003300547710008900580830002400669020001500693040000800708041000800716920001800724942000700742008004100749999001700790856009800807952005100905bg 0aCeramiczne i wapienno-piaskowe wyroby budowlane /c[oprac.Joanna Niewiarowska-Perchuć, Lucyna Ejsmont, Alicja Turzyńska] ; Centralny Ośrodek Informacji i Budownictwa ; Centralny Ośrodek Badawczo-Rozwojowy Przemysłu Betonów "CEBET". a131 s. ;cCOIB +e1998.1 aKatalog Budownictwa : zestaw tematyczny,x1505-4462 aIndeks rzeczowy z odniesieniem do karty KB. 9amateriały ceramiczne 9amateriały wapienno-piaskowe 9amateriały budowlanexwyroby1 aNIEWIAROWSKA PERCHUĆ, JOANNA.eOprac.1 aEJSMONT, LUCYNA.eOprac.1 aTURZYŃSKA, ALICJA.eOprac. aCentralny Ośrodek Informacji Budownictwa PP, Redakcja Katalogów i Informatorów 0aKatalog Budownictwa a8385393684 cBPK apol a83-85393-68-4 cKA s pl f |000 0 pol  c24215d24215 uhttp://koha.tu.koszalin.pl/cgi-bin/koha/opac-detail.pl?biblionumber=24215yKatalog online BPK 00104070aBPKbBPKcwoKC 2871p01451405yKA